[Event "Kieler Open 2014-A"]
[Site "Kiel"]
[Date "2014.08.02"]
[Round "2.16"]
[White "Voelzke, Ferdinand"]
[Black "Christensen, Andreas"]
[Result "1/2-1/2"]
[WhiteElo "2170"]
[BlackElo "1733"]
[PlyCount "99"]
[EventDate "2014.??.??"]
[WhiteTeam "Turm Kiel"]
[BlackTeam "Hamburger SK"]

1. Nf3 Nf6 2. g3 g6 3. Bg2 Bg7 4. O-O O-O 5. c4 c5 6. Nc3 Nc6 7. d4 cxd4 8.
Nxd4 Nxd4 9. Qxd4 d6 10. Qd3 Nd7 11. b3 Nc5 12. Qd2 Rb8 13. Bb2 b6 14. Rfd1 Bb7
15. Nd5 Qd7 16. Bxg7 Kxg7 17. Rac1 Rfc8 18. h4 h5 19. Kh2 Bxd5 20. cxd5 Qe8 21.
Rc3 Nd7 22. Rdc1 Ne5 23. Qc2 Rc5 24. b4 Rxc3 25. Qxc3 Kg8 26. Qc7 Kh7 27. Kg1
a5 28. bxa5 bxa5 29. Qxa5 Rb2 30. Qa6 Qb8 31. Bf1 Qb4 32. Rc7 Qd4 33. Rxe7 Kg7
34. Qxd6 Ng4 35. Qf4 Qxd5 36. a4 Rb6 37. Qe4 Qc5 38. e3 Rf6 39. f4 Qc1 40. Qd3
Qe1 41. Qe2 Qxg3+ 42. Bg2 Rb6 43. Qa2 Qe1+ 44. Bf1 Kh6 45. Re8 Rb1 46. Rh8+ Kg7
47. Rh7+ Kxh7 48. Qxf7+ Kh6 49. Qf8+ Kh7 50. Qf7+ 1/2-1/2

[Event "Kieler Open 2014-A"]
[Site "Kiel"]
[Date "2014.08.02"]
[Round "2.17"]
[White "Garcia Ruiz, Adrian"]
[Black "Petri, Alexander"]
[Result "0-1"]
[WhiteElo "1794"]
[BlackElo "2164"]
[PlyCount "94"]
[EventDate "2014.??.??"]
[BlackTeam "Doppelbauer Kiel"]

1. e4 c6 2. d4 d5 3. Nc3 dxe4 4. Nxe4 Bf5 5. Ng3 Bg6 6. Nf3 Nd7 7. h4 h6 8. h5
Bh7 9. Bd3 Bxd3 10. Qxd3 e6 11. Bd2 Ngf6 12. O-O-O Be7 13. Kb1 c5 14. Qe2 Qb6
15. Bc1 O-O 16. Nf5 exf5 17. Qxe7 Rfe8 18. dxc5 Nxc5 19. Qd6 Qxd6 20. Rxd6 Nce4
21. Rd4 Nxf2 22. Rhh4 Re4 23. Rb4 b6 24. Rb5 Rc8 25. Rxf5 N2g4 26. Rf4 Rcc4 27.
Rxe4 Rxe4 28. b3 Re2 29. g3 Ne3 30. Nd4 Re1 31. Nf3 Rf1 32. Nd2 Rg1 33. Ne4
Nfg4 34. Nd6 Rxg3 35. Nc8 f5 36. Bxe3 Rxe3 37. Nxa7 Kf7 38. Nb5 Kf6 39. Rh1 f4
40. Kc1 Kg5 41. Nd4 f3 42. Rf1 f2 43. Kd2 Kf4 44. Ne2+ Kf3 45. Nd4+ Kg2 46. Nf5
Kxf1 47. Nxe3+ Nxe3 0-1

[Event "Kieler Open 2014-A"]
[Site "Kiel"]
[Date "2014.08.02"]
[Round "2.18"]
[White "Koop, Thorben"]
[Black "Kowalski, Ben Wito"]
[Result "1-0"]
[WhiteElo "2194"]
[BlackElo "1706"]
[PlyCount "35"]
[EventDate "2014.??.??"]
[WhiteTeam "Lingen"]
[BlackTeam "Stade"]

1. Nf3 d5 2. g3 Nf6 3. Bg2 Nc6 4. d4 Bf5 5. O-O e6 6. c4 dxc4 7. Qa4 Qd7 8.
Qxc4 Be7 9. Ne5 Nxe5 10. dxe5 Nd5 11. Qb3 Bxb1 12. Qxb7 O-O 13. Rxb1 Rfb8 14.
Qa6 Rb6 15. Qc4 Rab8 16. Rd1 c6 17. e4 Rb4 18. Qc2 1-0

[Event "Kieler Open 2014-A"]
[Site "Kiel"]
[Date "2014.08.02"]
[Round "2.20"]
[White "Hilbig, Dieter"]
[Black "Rosenkranz, Bernd-Christian"]
[Result "1-0"]
[WhiteElo "2020"]
[BlackElo "1656"]
[PlyCount "77"]
[EventDate "2014.??.??"]
[WhiteTeam "Gera"]
[BlackTeam "Rendsburg"]

1. e4 c6 2. Nc3 d5 3. Nf3 Bg4 4. h3 Bxf3 5. Qxf3 e6 6. exd5 cxd5 7. d4 Nf6 8.
Bd3 Bd6 9. O-O Nbd7 10. Nb5 Bb8 11. Bg5 a6 12. Nc3 O-O 13. Ne2 Re8 14. Kh1 Qc7
15. Ng3 h5 16. Qd1 h4 17. Bxh4 Qf4 18. Bxf6 Nxf6 19. c3 g6 20. Qc1 Nh5 21. Qxf4
Nxf4 22. Bc2 Bd6 23. Rfe1 b5 24. Nf1 Rec8 25. Ne3 Rc7 26. h4 Kg7 27. g3 Nh5 28.
Bd3 Rh8 29. Kg2 f5 30. Nd1 Kf7 31. a4 b4 32. Bxa6 Ra8 33. Be2 bxc3 34. Nxc3 Bb4
35. Rec1 Bxc3 36. Rxc3 Rxc3 37. bxc3 Ra5 38. Bxh5 gxh5 39. Kf3 1-0

[Event "Kieler Open 2014-A"]
[Site "Kiel"]
[Date "2014.08.02"]
[Round "2.21"]
[White "Wanner, Lukas"]
[Black "Guetschow, Martin"]
[Result "1-0"]
[WhiteElo "1764"]
[BlackElo "1991"]
[PlyCount "55"]
[EventDate "2014.??.??"]
[WhiteTeam "Doppelbauer Kiel"]
[BlackTeam "Segeberg"]

1. d4 d5 2. Nf3 Nf6 3. e3 c6 4. Bd3 Bg4 5. Nbd2 Nbd7 6. h3 Bh5 7. b3 e6 8. O-O
Bb4 9. c4 e5 10. dxe5 Nxe5 11. Be2 Bc3 12. Rb1 Bg6 13. cxd5 Qxd5 14. Ba3 O-O-O
15. Nc4 Nxc4 16. bxc4 Qa5 17. Qb3 Bxb1 18. Rxb1 b6 19. Ng5 Qxg5 20. Qxc3 Ne4
21. Qb4 Nc5 22. Qb2 f6 23. f4 Qg6 24. Bxc5 Rd2 25. Bg4+ f5 26. Qxd2 fxg4 27.
Rd1 bxc5 28. Qd7+ 1-0

[Event "Kieler Open 2014-A"]
[Site "Kiel"]
[Date "2014.08.02"]
[Round "2.22"]
[White "Hauptmann, Thomas"]
[Black "Neuendorf, Max"]
[Result "1-0"]
[WhiteElo "1971"]
[BlackElo "1885"]
[PlyCount "61"]
[EventDate "2014.??.??"]
[WhiteTeam "Amsterdam"]
[BlackTeam "Flensburg"]

1. e4 g6 2. d4 c6 3. Nf3 d6 4. h3 Bg7 5. Bd3 Nd7 6. O-O e5 7. dxe5 dxe5 8. Be3
Ngf6 9. Nbd2 O-O 10. Qe2 Qc7 11. Nh2 b6 12. f4 exf4 13. Bxf4 Qd8 14. Bg5 Qc7
15. Qf2 Bb7 16. Qh4 Nh5 17. c3 Qg3 18. Qxg3 Nxg3 19. Rf3 Nh5 20. Ng4 Ne5 21.
Nxe5 Bxe5 22. Nc4 Bc7 23. Ne3 Bc8 24. Bc4 Be6 25. Bxe6 fxe6 26. Rxf8+ Rxf8 27.
Rd1 Nf6 28. Bxf6 Rxf6 29. Ng4 Rf4 30. Rd7 Bb8 31. e5 1-0

[Event "Kieler Open 2014-A"]
[Site "Kiel"]
[Date "2014.08.02"]
[Round "2.23"]
[White "Quiring, Nikolai"]
[Black "Dreessen, Jakob"]
[Result "0-1"]
[WhiteElo "2078"]
[BlackElo "1869"]
[PlyCount "64"]
[EventDate "2014.??.??"]
[WhiteTeam "Rendsburg"]
[BlackTeam "Segeberg"]

1. d4 Nf6 2. c4 e5 3. dxe5 Ng4 4. Bf4 Bb4+ 5. Nc3 Nc6 6. Nf3 d6 7. exd6 cxd6 8.
e3 Bxc3+ 9. bxc3 Qf6 10. Rc1 Nge5 11. Nd4 O-O 12. Nb5 Rd8 13. Nc7 Rb8 14. Nd5
Qh4 15. Bg3 Qh6 16. f4 Bg4 17. Be2 Bxe2 18. Qxe2 Nd7 19. O-O f5 20. Qe1 Nc5 21.
Bh4 Rf8 22. Rf3 Nd3 23. Qd2 Nxc1 24. Bg5 Qe6 25. Qxc1 Rf7 26. Qa3 b6 27. Qa6
Na5 28. h3 h6 29. Bh4 Kh7 30. Kh2 Rc8 31. Ne7 Rc7 32. Nd5 Rxc4 0-1

[Event "Kieler Open 2014-A"]
[Site "Kiel"]
[Date "2014.08.02"]
[Round "2.24"]
[White "Rohmann, Volker"]
[Black "Skogvall, Martina"]
[Result "1/2-1/2"]
[WhiteElo "1850"]
[BlackElo "2060"]
[PlyCount "108"]
[EventDate "2014.??.??"]
[WhiteTeam "Friedrichsort"]
[BlackTeam "SF Berlin"]

1. e4 e6 2. d4 d5 3. e5 c5 4. c3 Nc6 5. Nf3 Qb6 6. a3 Bd7 7. b4 cxd4 8. cxd4
Nge7 9. Nc3 Rc8 10. Na4 Qd8 11. Nc5 Qc7 12. Bb2 Ng6 13. Rc1 b6 14. Nxd7 Qxd7
15. Bb5 Nge7 16. O-O g6 17. Qa4 Bh6 18. Rc2 O-O 19. Bc1 Bg7 20. Bg5 a6 21. Bxa6
Qa7 22. Rfc1 f6 23. exf6 Bxf6 24. Bxf6 Rxf6 25. b5 Ra8 26. Rxc6 Nxc6 27. Rxc6
Raf8 28. Qb3 Qb8 29. Qe3 g5 30. h3 h6 31. Rxe6 Qc7 32. Rxf6 Rxf6 33. Ne5 Rf4
34. f3 Kg7 35. Nc6 Rf5 36. Qe7+ Rf7 37. Qxc7 Rxc7 38. Kf2 Kf7 39. Ke3 Ke6 40.
Kd3 h5 41. a4 Kf5 42. g3 h4 43. gxh4 gxh4 44. Bc8+ Kf4 45. Bg4 Rg7 46. a5 bxa5
47. Nxa5 Ra7 48. Nc6 Rb7 49. Kc3 Rxb5 50. Nb4 Ke3 51. Be6 Kxf3 52. Bxd5+ Ke3
53. Be6 Rxb4 54. Kxb4 Kxd4 1/2-1/2

[Event "Kieler Open 2014-A"]
[Site "Kiel"]
[Date "2014.08.02"]
[Round "2.25"]
[White "Kröncke, Manfred"]
[Black "Millgramm, Stephan"]
[Result "1-0"]
[WhiteElo "2024"]
[BlackElo "1865"]
[PlyCount "83"]
[EventDate "2014.??.??"]
[WhiteTeam "Glückstadt "]
[BlackTeam "Flensburg"]

1. e4 e6 2. d3 d5 3. Nd2 c5 4. g3 Bd7 5. Bg2 Bc6 6. Ngf3 Bd6 7. O-O Ne7 8. Re1
Nd7 9. exd5 exd5 10. d4 c4 11. Ne5 O-O 12. Ndf3 f5 13. Ng5 Qe8 14. Bf4 Bxe5 15.
dxe5 Rc8 16. Ne6 Rf7 17. Nc7 Rxc7 18. e6 Rc8 19. exf7+ Qxf7 20. Qd4 b6 21. Rad1
Nf6 22. Bg5 Kf8 23. Qe5 h6 24. Bxf6 Qxf6 25. Qxf6+ gxf6 26. Re6 Kf7 27. Rde1
Re8 28. Kf1 Bb5 29. c3 d4 30. Rd6 d3 31. Ree6 Ng8 32. Rxe8 Kxe8 33. Bc6+ Bxc6
34. Rxc6 b5 35. Rc8+ Kf7 36. a4 a6 37. axb5 axb5 38. Rb8 Ne7 39. Rxb5 Ke6 40.
Rc5 Nd5 41. Rxc4 Ke5 42. Rd4 1-0

[Event "Kieler Open 2014-A"]
[Site "Kiel"]
[Date "2014.08.02"]
[Round "2.26"]
[White "Gwiazda, Slawomir"]
[Black "Weishäutel, Moritz"]
[Result "0-1"]
[WhiteElo "1969"]
[BlackElo "1849"]
[PlyCount "48"]
[EventDate "2014.??.??"]
[BlackTeam "Erfurt"]

1. d4 d5 2. c4 e6 3. Nc3 Be7 4. Nf3 Nf6 5. g3 O-O 6. Bg2 dxc4 7. Ne5 c5 8. dxc5
Qc7 9. Nxc4 Bxc5 10. Qb3 Nc6 11. e3 a6 12. O-O b5 13. Nxb5 axb5 14. Qxb5 Na7
15. Qa4 Bd7 16. Qc2 Bc6 17. e4 Rfd8 18. Bf4 Qe7 19. b4 Bd4 20. Rab1 Rac8 21.
Qb3 Nxe4 22. Na5 Bd5 23. Qd3 Bxf2+ 24. Rxf2 Nxf2 0-1

[Event "Kieler Open 2014-A"]
[Site "Kiel"]
[Date "2014.08.02"]
[Round "2.27"]
[White "Oltzen, Samuel"]
[Black "Diederichs, Luise"]
[Result "0-1"]
[WhiteElo "1847"]
[BlackElo "1968"]
[PlyCount "78"]
[EventDate "2014.??.??"]
[WhiteTeam "Lübeck"]
[BlackTeam "Hermannsburg"]

1. e4 c5 2. Nf3 d6 3. d4 cxd4 4. Nxd4 Nf6 5. Nc3 a6 6. Be3 e5 7. Nb3 Be6 8. f3
Be7 9. Qd2 Nbd7 10. O-O-O O-O 11. g4 b5 12. g5 Ne8 13. h4 b4 14. Nd5 Bxd5 15.
exd5 a5 16. Qg2 a4 17. Nd2 f5 18. gxf6 Nexf6 19. h5 a3 20. b3 Kh8 21. h6 g6 22.
Nc4 Ne8 23. Bd3 Nc7 24. Bxg6 Rg8 25. Qd2 Rxg6 26. Qxb4 Bg5 27. Bxg5 Qxg5+ 28.
Kb1 Qe7 29. Nxa3 Nc5 30. Nc4 Rf8 31. Qc3 Nb5 32. Qe3 Rg3 33. Rdf1 Qf6 34. Rhg1
Rxg1 35. Rxg1 e4 36. fxe4 Nc3+ 37. Kc1 N5xe4 38. a3 Qf1+ 39. Rxf1 Rxf1+ 0-1

[Event "Kieler Open 2014-A"]
[Site "Kiel"]
[Date "2014.08.02"]
[Round "2.28"]
[White "Nixdorf, André"]
[Black "von Koschitzky, Tilo"]
[Result "1-0"]
[WhiteElo "1964"]
[BlackElo "1825"]
[PlyCount "61"]
[EventDate "2014.??.??"]
[WhiteTeam "Norderstedt"]
[BlackTeam "Doppelbauer Kiel"]

1. e4 d5 2. exd5 Qxd5 3. Nc3 Qa5 4. d4 Bf5 5. Nf3 c6 6. Bc4 e6 7. Bd2 Nd7 8.
O-O Qc7 9. Re1 Be7 10. Bb3 Ngf6 11. Qe2 O-O 12. h3 Bd6 13. Ne5 Rad8 14. Bg5 h6
15. Nxd7 Rxd7 16. Bxf6 gxf6 17. Ne4 Be7 18. c3 Qf4 19. Ng3 Bg6 20. Bxe6 Rc7 21.
Bb3 Bd6 22. Qe3 Qh4 23. Qf3 f5 24. Nxf5 Qf4 25. Qxf4 Bxf4 26. Ne7+ Kg7 27. Nxg6
fxg6 28. Re4 Bd2 29. Rd1 Bg5 30. Rde1 Rf6 31. Re7+ 1-0

[Event "Kieler Open 2014-A"]
[Site "Kiel"]
[Date "2014.08.02"]
[Round "2.29"]
[White "Rosmait, Emily"]
[Black "Simon, Christopher"]
[Result "0-1"]
[WhiteElo "1824"]
[BlackElo "1960"]
[PlyCount "70"]
[EventDate "2014.??.??"]
[WhiteTeam "Harksheide"]
[BlackTeam "Bad Schwartau"]

1. e4 e5 2. Nf3 Nc6 3. Bb5 a6 4. Ba4 Nf6 5. d4 exd4 6. O-O Be7 7. Re1 O-O 8. e5
Nd5 9. c3 Nb6 10. cxd4 Nxa4 11. Qxa4 d6 12. Nc3 Bg4 13. Nd2 b5 14. Qc2 dxe5 15.
Qe4 Qd7 16. dxe5 Nb4 17. Nb3 Bf5 18. Qd4 Nc2 19. Qxd7 Bxd7 20. Rd1 Bg4 21. f3
Nxa1 22. Nxa1 Be6 23. Nc2 Rad8 24. Re1 b4 25. Ne4 Bxa2 26. Ne3 Be6 27. f4 Rd4
28. Nf2 f5 29. Nc2 Rd7 30. Be3 Rfd8 31. Ra1 Bc4 32. g4 fxg4 33. Nxg4 Rd1+ 34.
Rxd1 Rxd1+ 35. Kf2 h5 0-1

[Event "Kieler Open 2014-A"]
[Site "Kiel"]
[Date "2014.08.02"]
[Round "2.30"]
[White "Scepanik, Hans-Jürgen"]
[Black "Wenske, Hardy"]
[Result "1-0"]
[WhiteElo "1958"]
[BlackElo "1819"]
[PlyCount "33"]
[EventDate "2014.??.??"]
[WhiteTeam "Kieler SG"]
[BlackTeam "Kieler SG"]

1. d4 d5 2. Nf3 Nf6 3. c3 c6 4. Nbd2 Nbd7 5. e3 Qc7 6. Bd3 e5 7. e4 Bd6 8. O-O
O-O 9. Re1 exd4 10. cxd4 dxe4 11. Nxe4 Nxe4 12. Rxe4 Nf6 13. Rh4 Bg4 14. Bg5
Qd7 15. Bxf6 gxf6 16. Bxh7+ Kg7 17. Qd2 1-0

[Event "Kieler Open 2014-A"]
[Site "Kiel"]
[Date "2014.08.02"]
[Round "2.31"]
[White "Möller, Dustin"]
[Black "Meyer, Jürgen"]
[Result "1-0"]
[WhiteElo "1819"]
[BlackElo "1955"]
[PlyCount "69"]
[EventDate "2014.??.??"]
[WhiteTeam "Eckernförde"]
[BlackTeam "Heide"]

1. c4 f5 2. g3 Nf6 3. Bg2 g6 4. d4 Bg7 5. Nf3 O-O 6. O-O d6 7. Nc3 Nc6 8. d5
Ne5 9. Nd2 g5 10. e4 f4 11. Ne2 fxg3 12. hxg3 Qe8 13. f4 Neg4 14. fxg5 Qh5 15.
Rf3 Qxg5 16. Nf1 Qg6 17. Nf4 Qe8 18. Rb3 Ne5 19. Ne3 Ng6 20. Nf5 Bxf5 21. exf5
Nxf4 22. Bxf4 b6 23. g4 Nd7 24. Qe2 Qf7 25. Rh3 Qf6 26. Qe6+ Rf7 27. Qxd7 e5
28. Qc6 Rff8 29. Be3 e4 30. Rb1 Qe5 31. Qa4 h5 32. Rxh5 Qg3 33. Rh3 Qxg4 34.
Qd1 Qxf5 35. Qh5 1-0

[Event "Kieler Open 2014-A"]
[Site "Kiel"]
[Date "2014.08.02"]
[Round "2.32"]
[White "Andersen, Niels Erik"]
[Black "Nahnsen, Kenneth"]
[Result "1-0"]
[WhiteElo "1947"]
[BlackElo "1794"]
[PlyCount "85"]
[EventDate "2014.??.??"]
[BlackTeam "Doppelbauer Kiel"]

1. d4 d5 2. c4 c6 3. Nf3 e6 4. Nc3 f5 5. g3 Nf6 6. Bg2 Bd6 7. O-O O-O 8. c5 Bc7
9. b4 b6 10. Na4 Nbd7 11. Qc2 b5 12. Nb2 a5 13. Nd3 a4 14. Bg5 h6 15. Bf4 Bxf4
16. Nxf4 Qe8 17. Nd3 Ra7 18. Nfe5 Nxe5 19. Nxe5 Re7 20. f3 Bb7 21. e4 Nd7 22.
exd5 exd5 23. Nd3 Re2 24. Qc1 Qe3+ 25. Qxe3 Rxe3 26. Rad1 Re2 27. Rf2 Rfe8 28.
Rd2 Rxd2 29. Rxd2 Kf7 30. Kf2 Kf6 31. h3 g6 32. g4 g5 33. gxf5 Kxf5 34. h4 g4
35. Re2 Rxe2+ 36. Kxe2 Bc8 37. Ke3 gxf3 38. Bh3+ Kf6 39. Ne5 Nxe5 40. dxe5+
Kxe5 41. Bxc8 f2 42. Bh3 a3 43. Bf1 1-0

[Event "Kieler Open 2014-A"]
[Site "Kiel"]
[Date "2014.08.02"]
[Round "2.33"]
[White "Helmich, Jörg"]
[Black "Boyens, Birger"]
[Result "0-1"]
[WhiteElo "1749"]
[BlackElo "1925"]
[PlyCount "60"]
[EventDate "2014.??.??"]
[WhiteTeam "Regensburg"]
[BlackTeam "Husum"]

1. d4 f5 2. g3 Nf6 3. Bg2 d5 4. Nf3 e6 5. c4 c6 6. O-O Bd6 7. b3 O-O 8. Nc3
Nbd7 9. Bb2 Qe8 10. Qd2 Ne4 11. Nxe4 fxe4 12. Ne5 Qh5 13. Nxd7 Bxd7 14. f3 e3
15. Qxe3 Rf6 16. Qf2 Rh6 17. h4 g5 18. Bc1 gxh4 19. g4 Qg6 20. Bxh6 Qxh6 21.
Bh3 Bg3 22. Qg2 Qe3+ 23. Kh1 Qxd4 24. cxd5 cxd5 25. Rad1 Qe5 26. e4 Bb5 27. Rg1
dxe4 28. fxe4 Rf8 29. Qc2 Bc6 30. Bg2 h3 0-1

[Event "Kieler Open 2014-A"]
[Site "Kiel"]
[Date "2014.08.02"]
[Round "2.34"]
[White "Schmidt, Peter"]
[Black "Bienert, Marco"]
[Result "1/2-1/2"]
[WhiteElo "1924"]
[BlackElo "1758"]
[PlyCount "48"]
[EventDate "2014.??.??"]
[WhiteTeam "Kieler SG"]

1. e4 c6 2. d4 d5 3. exd5 cxd5 4. c4 Nf6 5. Nc3 Nc6 6. Bg5 e6 7. Nf3 dxc4 8.
Bxc4 Be7 9. O-O O-O 10. Re1 Bd7 11. Qe2 h6 12. Bh4 Re8 13. Rad1 Nh7 14. Bg3 Ng5
15. d5 exd5 16. Rxd5 Qc8 17. Rdd1 Bf6 18. Qd3 Rxe1+ 19. Rxe1 Nb4 20. Qe2 Bg4
21. Ne4 Qc6 22. Nxf6+ Qxf6 23. Qd2 Bxf3 24. Qxb4 Bc6 1/2-1/2

[Event "Kieler Open 2014-A"]
[Site "Kiel"]
[Date "2014.08.02"]
[Round "2.35"]
[White "Kiep, Fabian"]
[Black "Van Diermen, Arie"]
[Result "0-1"]
[WhiteElo "1708"]
[BlackElo "1923"]
[PlyCount "80"]
[EventDate "2014.??.??"]
[WhiteTeam "Agon Neumünster"]

1. e4 g6 2. d4 Bg7 3. Nf3 d6 4. Be3 c5 5. c3 cxd4 6. cxd4 Nf6 7. Bd3 O-O 8. O-O
Ng4 9. Bd2 Nc6 10. Bc3 a6 11. h3 Nf6 12. b4 d5 13. e5 Ne4 14. a3 Nxc3 15. Nxc3
e6 16. Na4 b6 17. Qe2 Bd7 18. Nb2 b5 19. Rac1 Qb6 20. Qe3 a5 21. Rc5 axb4 22.
Rxb5 Qa7 23. axb4 Qa3 24. Rb7 Bc8 25. Rc7 Nxb4 26. Qd2 Nxd3 27. Nxd3 Ba6 28.
Rd1 Bc4 29. Rb7 Rfb8 30. Rxb8+ Rxb8 31. Nde1 Rb2 32. Qe3 Qxe3 33. fxe3 Bh6 34.
Nd3 Bxe3+ 35. Kh2 Rc2 36. Nb4 Bf4+ 37. Kh1 Rc3 38. Re1 Bg3 39. Ra1 h6 40. Na6
Bxa6 0-1

[Event "Kieler Open 2014-A"]
[Site "Kiel"]
[Date "2014.08.02"]
[Round "2.36"]
[White "Neumann, Joachim"]
[Black "Röhl, Manfred"]
[Result "1-0"]
[WhiteElo "2179"]
[BlackElo "1823"]
[PlyCount "75"]
[EventDate "2014.??.??"]
[WhiteTeam "Kieler SG"]
[BlackTeam "Bremen-Nord"]

1. Nf3 d5 2. g3 Nd7 3. d4 e6 4. Bg2 Be7 5. O-O f5 6. c4 c6 7. b3 Ndf6 8. Ba3
Nh6 9. Bxe7 Qxe7 10. Nc3 O-O 11. Ne5 Nf7 12. Nd3 Nd6 13. c5 Nde4 14. Qc2 Bd7
15. Nd1 Rad8 16. Qc1 Ne8 17. f3 Ng5 18. N1f2 Qf6 19. Ne5 Bc8 20. b4 Nc7 21. a4
a6 22. Nfd3 Bd7 23. Qf4 Ne8 24. Rfb1 Nf7 25. b5 g5 26. Qe3 axb5 27. axb5 Nxe5
28. Nxe5 f4 29. Qd3 Ng7 30. g4 Be8 31. Ra7 cxb5 32. Rxb7 Rc8 33. Ra1 Rxc5 34.
Raa7 Rc1+ 35. Kf2 Bf7 36. Nxf7 Nf5 37. gxf5 Rxf7 38. Rxf7 1-0

[Event "Kieler Open 2014-A"]
[Site "Kiel"]
[Date "2014.08.02"]
[Round "2.37"]
[White "Beeck, Mats"]
[Black "Henschen, Patrick"]
[Result "1-0"]
[WhiteElo "1897"]
[BlackElo "1667"]
[PlyCount "21"]
[EventDate "2014.??.??"]
[WhiteTeam "Doppelbauer Kiel"]
[BlackTeam "Segeberg"]

1. d4 g6 2. c4 Bg7 3. Nc3 d6 4. e4 Nd7 5. Be3 e5 6. Nge2 Ne7 7. Qd2 O-O 8. f3
f5 9. O-O-O exd4 10. Nxd4 a5 11. Ne6 1-0

[Event "Kieler Open 2014-A"]
[Site "Kiel"]
[Date "2014.08.02"]
[Round "2.38"]
[White "Jacobsen, Trond"]
[Black "Hartwig, Sebastian"]
[Result "0-1"]
[WhiteElo "1678"]
[BlackElo "1891"]
[PlyCount "76"]
[EventDate "2014.??.??"]
[WhiteTeam "Oslo"]
[BlackTeam "Neustadt"]

1. d4 d5 2. c4 dxc4 3. Nc3 a6 4. Qa4+ b5 5. Qd1 Nf6 6. e3 Bb7 7. a4 c6 8. Qf3
Qd7 9. Ne4 Nxe4 10. Qxe4 c5 11. Qf4 e6 12. Nf3 Bd6 13. Qg4 f5 14. Qh5+ g6 15.
Qh3 cxd4 16. exd4 Bb4+ 17. Ke2 O-O 18. Ng5 Nc6 19. Be3 f4 20. Qxe6+ Qxe6 21.
Nxe6 fxe3 22. Nxf8 Nxd4+ 23. Kd1 Rd8 24. Ne6 Nxe6+ 25. Ke2 Nd4+ 26. Kxe3 Nc2+
27. Kf4 Nxa1 28. axb5 axb5 29. Be2 Rf8+ 30. Kg3 Bd6+ 31. Kh3 Bc8+ 32. Bg4 Bxg4+
33. Kxg4 Nb3 34. f3 h5+ 35. Kg5 Kg7 36. Kh4 Rf4+ 37. Kh3 g5 38. Rd1 Rh4# 0-1

[Event "Kieler Open 2014-A"]
[Site "Kiel"]
[Date "2014.08.02"]
[Round "2.39"]
[White "Werner, René"]
[Black "Petersen, Finn Christopher"]
[Result "1-0"]
[WhiteElo "1890"]
[BlackElo "1616"]
[PlyCount "61"]
[EventDate "2014.??.??"]
[WhiteTeam "Kieler SG"]
[BlackTeam "Doppelbauer Kiel"]

1. d4 Nf6 2. c4 g6 3. Nc3 Bg7 4. Nf3 O-O 5. h3 d6 6. Bf4 Nc6 7. d5 Nb8 8. e4 e5
9. dxe6 Bxe6 10. Rc1 Nbd7 11. b4 Nh5 12. Bh2 Ne5 13. g4 Nxf3+ 14. Qxf3 Qf6 15.
Qe3 Rae8 16. gxh5 Bf5 17. Bg2 Qh4 18. Bg3 Bxc3+ 19. Qxc3 Qxh5 20. f3 Qg5 21.
Kf2 Bd7 22. h4 Qh6 23. Rcd1 f5 24. exf5 Bxf5 25. c5 dxc5 26. Qxc5 Rf7 27. Rhe1

[Event "Kieler Open 2014-A"]
[Site "Kiel"]
[Date "2014.08.03"]
[Round "3.1"]
[White "Malakhatko, Vadim"]
[Black "Voloshin, Leonid"]
[Result "1-0"]
[WhiteElo "2560"]
[BlackElo "2403"]
[PlyCount "57"]
[EventDate "2014.??.??"]

1. d4 Nf6 2. c4 c5 3. d5 e6 4. Nc3 exd5 5. cxd5 d6 6. Nf3 g6 7. h3 Bg7 8. Bf4
O-O 9. e3 a6 10. a4 Qe7 11. Be2 Nbd7 12. Nd2 Ne5 13. O-O Ne8 14. Bh2 g5 15. Kh1
Rb8 16. f4 gxf4 17. exf4 Ng6 18. Nc4 b5 19. axb5 axb5 20. Na5 b4 21. Nc6 Qb7
22. Ra7 bxc3 23. Rxb7 Rxb7 24. bxc3 Bxc3 25. Ba6 Rc7 26. Bxc8 Rxc8 27. f5 Rxc6
28. dxc6 Ne5 29. c7 1-0

[Event "Kieler Open 2014-A"]
[Site "Kiel"]
[Date "2014.08.03"]
[Round "3.2"]
[White "Hildenbrand, Peter"]
[Black "Stopa, Jacek"]
[Result "0-1"]
[WhiteElo "2240"]
[BlackElo "2498"]
[PlyCount "86"]
[EventDate "2014.??.??"]
[WhiteTeam "Leimen"]

1. e4 d6 2. d4 Nf6 3. Nc3 c6 4. Nf3 Qb6 5. Be2 Bg4 6. Nd2 Bxe2 7. Nxe2 e6 8.
O-O d5 9. e5 Ng8 10. c4 Nd7 11. c5 Qa6 12. f4 Ne7 13. Rf3 b6 14. b4 h5 15. a4
Nf5 16. Bb2 bxc5 17. dxc5 Qb7 18. Rb3 a5 19. Nd4 axb4 20. Nxf5 exf5 21. Rh3
Nxc5 22. Rxh5 Rxh5 23. Qxh5 Nd3 24. Bd4 Nxf4 25. Qf3 Ne6 26. Bf2 g6 27. h4 f4
28. a5 Qc7 29. Kh2 Rxa5 30. Rxa5 Qxa5 31. Nc4 Qc7 32. Nd6+ Bxd6 33. exd6 Qxd6
34. h5 gxh5 35. Qxh5 Qf8 36. Qe5 Kd7 37. Qa1 b3 38. Qa7+ Nc7 39. Bb6 Qd6 40.
Bc5 Qh6+ 41. Kg1 f3 42. Bb6 Qf4 43. Qb7 Qg3 0-1

[Event "Kieler Open 2014-A"]
[Site "Kiel"]
[Date "2014.08.03"]
[Round "3.3"]
[White "Turner, Matthew J"]
[Black "Kang, Chuanqi"]
[Result "1/2-1/2"]
[WhiteElo "2483"]
[BlackElo "2302"]
[PlyCount "91"]
[EventDate "2014.??.??"]

1. c4 c5 2. g3 e6 3. Bg2 Nf6 4. Nf3 Be7 5. O-O Qc7 6. Nc3 a6 7. b3 b6 8. d4
cxd4 9. Nxd4 Bb7 10. Bf4 d6 11. Bxb7 Qxb7 12. Nf3 O-O 13. Qc2 b5 14. Rfd1 Rd8
15. Ng5 Nc6 16. Nce4 Nxe4 17. Qxe4 Bxg5 18. Bxg5 Rd7 19. Rac1 Rc8 20. Bf4 bxc4
21. Rxd6 Rxd6 22. Bxd6 cxb3 23. axb3 Na5 24. Rxc8+ Qxc8 25. b4 Nc6 26. Kg2 Qd7
27. Bc5 f5 28. Qc2 Kf7 29. f3 Qb7 30. Qd2 Qc7 31. Qd3 Nb8 32. e4 fxe4 33. Qxe4
h6 34. Qg4 Qe5 35. Bd4 Qg5 36. Qe4 Nd7 37. Bc3 Qf5 38. Qe2 Nf6 39. g4 Qb5 40.
Qxb5 axb5 41. Bxf6 Kxf6 42. f4 e5 43. Kf3 Ke6 44. h4 g6 45. fxe5 Kxe5 46. Ke3
1/2-1/2

[Event "Kieler Open 2014-A"]
[Site "Kiel"]
[Date "2014.08.03"]
[Round "3.4"]
[White "Petri, Alexander"]
[Black "Lanka, Zigurds"]
[Result "1/2-1/2"]
[WhiteElo "2164"]
[BlackElo "2451"]
[PlyCount "40"]
[EventDate "2014.??.??"]
[WhiteTeam "Doppelbauer Kiel"]
[BlackTeam "Schott Mainz"]

1. d4 Nf6 2. Nf3 g6 3. Bg5 Bg7 4. Nbd2 c5 5. Bxf6 Bxf6 6. Ne4 Bxd4 7. Nxd4 cxd4
8. Qxd4 O-O 9. c4 Nc6 10. Qd2 d6 11. e3 b6 12. Be2 Bb7 13. O-O Ne5 14. Nc3 f6
15. f4 Nf7 16. Bf3 Bxf3 17. Rxf3 e6 18. Rd1 Qe7 19. b3 Rad8 20. e4 Kh8 1/2-1/2

[Event "Kieler Open 2014-A"]
[Site "Kiel"]
[Date "2014.08.03"]
[Round "3.5"]
[White "Simantsev, Mikhail"]
[Black "Neumann, Joachim"]
[Result "1-0"]
[WhiteElo "2448"]
[BlackElo "2179"]
[PlyCount "63"]
[EventDate "2014.??.??"]
[BlackTeam "Kieler SG"]

1. d4 Nf6 2. c4 e6 3. Nf3 b6 4. g3 Ba6 5. Qb3 c5 6. d5 exd5 7. cxd5 Be7 8. Nc3
O-O 9. Bg2 d6 10. a4 Nbd7 11. O-O Re8 12. Qc2 Bf8 13. Re1 Ng4 14. b3 Nde5 15.
Nxe5 Nxe5 16. Bb2 g6 17. f4 Ng4 18. Ne4 Bg7 19. Bxg7 Kxg7 20. h3 Nh6 21. Qc3+
f6 22. g4 Qe7 23. e3 Rab8 24. g5 Ng8 25. gxf6+ Nxf6 26. Ng5 h6 27. Ne6+ Kh7 28.
e4 Bc8 29. e5 Nxd5 30. exd6 Nxc3 31. dxe7 Bxe6 32. Rxe6 1-0

[Event "Kieler Open 2014-A"]
[Site "Kiel"]
[Date "2014.08.03"]
[Round "3.6"]
[White "Wichmann, Cliff"]
[Black "Kardoeus, David"]
[Result "1/2-1/2"]
[WhiteElo "2361"]
[BlackElo "2003"]
[PlyCount "53"]
[EventDate "2014.??.??"]
[WhiteTeam "Nickelhütte Aue"]
[BlackTeam "Werder Bremen"]

1. c4 Nf6 2. Nc3 e5 3. g3 c6 4. d4 exd4 5. Qxd4 d5 6. Bg5 Be7 7. Rd1 O-O 8.
cxd5 h6 9. Bf4 cxd5 10. Bxb8 Rxb8 11. Qxa7 Bd7 12. Bg2 Qc7 13. Qd4 Bc5 14. Qf4
Qb6 15. Nxd5 Nxd5 16. Bxd5 Be6 17. Bb3 Rbd8 18. Rxd8 Rxd8 19. Qf3 Bxb3 20. Qxb3
Bxf2+ 21. Kf1 Rd2 22. Nf3 Rxb2 23. Qd3 Rxa2 24. Kg2 Qe3 25. Qc4 Qxe2 26. Qc8+
Kh7 27. Qf5+ 1/2-1/2